[Event "Grand Prix 2017"]
[Site "Palma de Mallorca"]
[Date "2017.11.24"]
[Round "8.1"]
[White "Gelfand, Boris"]
[Black "Radjabov, Teimour"]
[Result "0-1"]
[WhiteElo "2719"]
[BlackElo "2741"]
[EventDate "2017.??.??"]
[Annotator "Bojkov,Dejan"]
[PlyCount "96"]
[Beauty "7079335041056"]
[EventType "team-tourn"]
[EventCountry "ESP"]

1.d4 Nf6 {In a do-or-die game Radjabov would definitely go for the sharp KID, right?} 2.c4 e6 {Oh, OK, it should be the Benoni then?} 3.Nf3 b6 {Most likely Gelfand expected the QGD, which Radjabov had played more or less regularly. Nope, it is the other fianchetto! The QID, that Radjabov has tried only once, but in a very fresh game.} 4.g3 ( {The very fresh game that I mentioned is from the just finished ETCC where the Azerbaijani players won the gold. It went} 4.e3 Bb7 5.Bd3 d5 6.cxd5 exd5 7.O-O Bd6 {and later Radjabov managed to outplay his opponent, Hamitevici,V (2519)-Radjabov,T (2741) Heraklio 2017} ) 4...Bb7 5.Bg2 Be7 6.O-O O-O 7.Nc3 Ne4 {Gelfand has played six official game against this line.} 8.Bd2 Nxd2 {But none has ever captured his bishop at this stage of the game.} ( {The main moves are} 8...f5 ) ( {And} 8...Bf6 ) 9.Qxd2 d6 10.Rad1 ( {Another game at the same ETCC that took place in Crete a couple of weeks ago saw} 10.Qc2 g6 11.b4 Bf6 12.Rfd1 Bg7 13.e3 Qe7 14.a4 c5 15.dxc5 dxc5 16.b5 a5 $1 {and Black was doing fine in Kuzubov, Y (2690)-Sanal,V (2549) Heraklio 2017} ) 10...Nd7 11.Rfe1 c5 12.e4 a6 13.d5 $146 {A novelty.} ( {In comparison to} 13.e5 Bxf3 14.Bxf3 cxd4 15.Qxd4 Nxe5 16.Bxa8 Qxa8 17.Rxe5 dxe5 18.Qxb6 Qc8 {with approximate equality, Moroni,L (2448)-Romanov,E (2636) Llucmajor 2017} ) 13...e5 {Now an old QID pawn structure arises. The question is who is going to attack the center first? Is it going to be White with timely b2-b4 and/or f2-f4 or Black with the similar pawn breaks?} 14.b3 g6 15.Rf1 {Prepares the next maneuver.} 15...Bc8 ( {If the game was not that imporatnt for the qualification Black would have most likely chosen} 15...b5 {with the possible line} 16.cxb5 axb5 17.Nxb5 Ba6 18.a4 Bxb5 19.axb5 Qa5 20.Qd3 Rfb8 {and eventual draw.} ) 16.Ne1 Rb8 {Black still wants to carry out b6-b5.} 17.a4 f5 {Or this one too.} 18.f4 {The situation is heating up.} 18...exf4 19.gxf4 fxe4 20.Nxe4 {More or less forced.} ( {The other capture passes the initiative into Black's hands:} 20.Bxe4 Nf6 21.Bg2 Nh5 22.Nd3 Bf6 {followed by Bf6-d4+, Qd8-h4 and why not mate with Nh5-g3!} ) 20...b5 21.a5 {Doubled-edged and correct pawn sacrifice!} ( {Black takes over the initiative after:} 21.axb5 axb5 22.Rc1 bxc4 23.bxc4 Rb3 ) 21...bxc4 22.bxc4 Rb4 {The pawn on a5 is doomed, but this will require the efforts of two of the major black pieces. While away, they will leave the kingside opened...} 23.Rc1 Nf6 ( {The immediate capture} 23...Qxa5 {seems less accuratedue to} 24.Nd3 Ra4 25.Qe3 Ra2 ( {Now} 25...Qd8 {will be met with} 26.f5 $1 ( {But not} 26.Nxd6 $4 Bxd6 27.Qe6+ Kg7 28.Qxd6 Rf6 {and the queen is trapped!} ) 26...gxf5 27.Nxd6 Bxd6 28.Qe6+ Kh8 29.Qxd6 {with strong initiative for the pawn.} ) 26.f5 $1 {The same idea again. White needs the opponent's king opened. After} 26...gxf5 27.Nc3 Ra3 28.Qxe7 Rxc3 29.Nf4 {the attack looks very dangerous.} ) 24.Ng5 Qxa5 {Now is better.} 25.Nd3 Ra4 26.Qe3 {But White still has compensation for the pawn. Mainly because he can use teh light squares for the atatck.} 26...Qd8 ( {The computer suggests} 26...Re8 {instead but this makes little sense to the human being who knows he needs more pieces into the defense.} ) 27.Rce1 Bf5 $1 {Blocks the dangerous pawn and thus the f1 rook.} ( 27...Re8 {is too dangerous due to} 28.f5 $1 gxf5 29.Ne6 Bxe6 30.Qxe6+ Kh8 31.Rxf5 ) 28.Bh3 $1 {Gelfand understands that he needs to remove the key defender to be successful.} ( {Instead} 28.Qxe7 $2 {woulds have most likely lost after} 28...Qxe7 29.Rxe7 Bxd3 {White's chances are connected with the middlegame and mate.} ) ( {Also bad would have been} 28.Ne6 $6 {when Radjabov would happily sacrifice the exchange with} 28...Qc8 $1 29.Nxf8 Bxf8 {In return for the attack. Now in order to keep the fire of the assault White needs to go for extreme measures with} 30.Ne5 $3 {With complete mess.} ( {Calm play favors Black who has the bishop pair and the safer king after} 30.Nb2 Rb4 31.Qe2 Rb3 ( {Or} 31...Bg7 ) ) 30...dxe5 31.fxe5 Ng4 32.Qg3 {With the idea} 32...Rxc4 33.h3 Nh6 ( {Black may also try to take over the initiative with} 33...Rd4 $5 34.hxg4 Rxg4 35.Qc3 c4 36.d6 h5 ) 34.e6 $1 ) 28...Nxd5 $1 {A powerful defensive resource. Radjabov trades the active white pieces.} ( 28...Bxh3 $2 {would have most likely lost after} 29.Qxh3 Re8 30.Qe6+ Kg7 31.Qf7+ Kh8 32.Ne6 {and wins.} ) 29.cxd5 Bxg5 30.Bxf5 {Now it is all forced.} ( {Safer was} 30.fxg5 Re4 31.Qg3 Rxe1 32.Nxe1 Bxh3 33.Rxf8+ Kxf8 34.Qxh3 Qxg5+ {when the draw should be the most likely result. In comparison to the game Gelfand will have a queen instead of a rook, and the queens are famous for delivering perpetual checks on their own.} ) 30...Rxf5 31.Qe6+ Kg7 32.fxg5 Qxg5+ 33.Kh1 Ra2 {For the piece Black has three pawns. He can hardly lose. But can he win?} 34.Qe7+ ( {Attention!} 34.Rg1 $4 {would be mate after} 34...Rxh2+ 35.Kxh2 Qh4+ 36.Kg2 Qg4+ 37.Kh2 Rh5# ) ( {However, keeping the queen on the board was once again best} 34.Qe4 $1 {when the game should most likely end in a draw as active moves like} 34...Qd2 {would allow perpetual after} 35.Qe7+ Kh6 36.Qh4+ ) 34...Qxe7 35.Rxe7+ Kf8 $1 ( {Not} 35...Kh6 $2 36.Rxf5 gxf5 37.Re6+ {and it is White who plays for the win.} ) 36.Ree1 ( {Worse is} 36.Rxf5+ Kxe7 ) 36...Rxf1+ 37.Rxf1+ Ke7 38.Re1+ {In time trouble Gelfand misses the best chance to co-ordinate his pieces.} ( {Strong was the sudden retreat} 38.Nf2 $1 {when White should safe the half point after} 38...Rd2 ( {Or} 38...a5 39.Re1+ Kd7 40.Ne4 Rb2 41.Nf6+ Kc7 42.Ne8+ Kd7 43.Nf6+ {in this like the knight and the rook were perfectly co-ordinated.} ) 39.Kg2 Rxd5 40.Ra1 {without the a-pawn Black's winning chances are not that great.} ) 38...Kd7 39.Re3 a5 {This pawn is headache.} 40.Rh3 h5 41.Nf4 a4 42.Nxg6 a3 43.Rf3 {Now White loses.} ( {the last chance was} 43.Nf8+ $1 Kc7 44.Rb3 c4 45.Ne6+ Kc8 46.Rc3 {with possible draw.} ) 43...c4 $1 {No rush!} ( 43...Ra1+ {would ahve let the win slip away-} 44.Kg2 a2 45.Rf7+ Kd8 46.Ra7 c4 47.Ne7 c3 48.Nc6+ Ke8 49.Nb4 Rb1 50.Nxa2 Ra1 51.Kf3 c2 52.Rc7 Rxa2 53.Ke4 {and darw as teh black king does not participate into the game.} ) 44.Nf4 ( {Here} 44.Rf7+ {does not help as the king escapes after} 44...Kd8 45.Rf8+ Kc7 ) 44...Ra1+ 45.Kg2 a2 46.Ra3 c3 $1 {The pawns are unstoppable.} 47.Ne2 ( {After} 47.Rxc3 Rg1+ 48.Kxg1 a1=Q+ {White loses also he rook.} ) 47...c2 48.Kf2 ( {Or} 48.Kh3 Re1 49.Rxa2 Rxe2 50.Ra1 Kc7 ) 48...Rh1 {An monstrous game by Radjabov! And an epic comeback!} ( 48...Rh1 {Gelfand resigned due to the line:} 49.Rxa2 Rxh2+ 50.Kg3 {or anywhere else} 50...Rxe2 ) 0-1

[Event "Grand Prix 2017"]
[Site "Palma de Mallorca"]
[Date "2017.11.25"]
[Round "9.1"]
[White "Vachier Lagrave, Maxime"]
[Black "Jakovenko, Dmitry"]
[Result "0-1"]
[WhiteElo "2796"]
[BlackElo "2721"]
[EventDate "2017.??.??"]
[Annotator "Bojkov,Dejan"]
[PlyCount "88"]
[Beauty "7357413209610"]
[EventType "team-tourn"]
[EventCountry "ESP"]

1.e4 e5 2.Nf3 Nc6 3.Bc4 {The best way to play for a win is to avoid the Berlin. At least for now...} 3...Bc5 4.c3 Nf6 5.d3 a6 6.O-O d6 7.a4 {Vachier-Lagrave used this line successfully in Tbilisi at the World Cup. It helped him knock out Grischuk and to torture Svidler. Perhaps the former had some influence on the Frenchman's opening choice as he was trying to surpass exactly Grischuk in the Grand Prix overall standings.} 7...Ba7 ( {In Tbilisi the Russian Grandmasters were choosing:} 7...h6 8.Re1 O-O 9.h3 a5 10.Nbd2 Be6 11.Bb5 Ne7 ( 11...Na7 12.d4 exd4 13.cxd4 Bb4 14.Bd3 d5 15.e5 {Vachier Lagrave,M (2804)-Svidler,P (2751) Tbilisi 2017} ) 12.d4 exd4 13.Nxd4 Ng6 14.N2f3 {Vachier Lagrave,M (2804)-Grischuk,A (2783) Tbilisi 2017} ) 8.Re1 O-O 9.h3 h6 10.Nbd2 {White has the usual minimal advantage from the opening, but will it be good enough for the win?} 10...Re8 11.b4 Ne7 {Shifting the knight to the kingside.} 12.Qb3 ( {There is nobody to attack on the queenside now.} 12.b5 $6 axb5 {Moreover, White has to be careful} 13.axb5 $2 Bxf2+ ) 12...Rf8 13.d4 exd4 14.cxd4 d5 {One of the points behind the knight retreat on e7.} 15.exd5 $146 {A novelty in comparion to:} ( {The predecessor:} 15.Bd3 dxe4 16.Nxe4 Nxe4 17.Bxe4 c6 {Urbanik,L (1993)-Zsitva,N (1838) Namestovo 2017} ) 15...Nexd5 {Vachier-Lagrave isolated his central pawn but his pieces got access to some juicy squares. However, Black can be optimistic as long as he can hold on to the blockading d5 square.} 16.b5 ( {The other idea was to try and lift the central blockade with} 16.Ne4 {Now} 16...Nxe4 ( {However, after the solid} 16...Nb6 $1 17.Bd3 Be6 18.Qa3 Nxe4 19.Bxe4 Nd5 {Black manages to keep control the situation.} ) 17.Bxd5 Nf6 18.Bc4 {Looks good for White. For example very risky is:} 18...Bxd4 ( {Or} 18...c6 19.b5 {when White definitely has pressure.} ) 19.Nxd4 Qxd4 20.Bb2 Qf4 21.Re3 {with strong kingside innitiative.} ) 16...Be6 ( {More precise seems} 16...axb5 17.axb5 Be6 {the lesser pawns on the queenside, the easier the draw.} ) 17.bxa6 bxa6 18.Ba3 Re8 19.Ne5 {Vachier's play is very aggressive and to the point where Jakovenko has to find only moves.} 19...Nf4 $1 ( {Wrong was} 19...Bb6 20.a5 $1 ) ( {Even worse is} 19...Bxd4 $2 20.Nc6 ) 20.Ndf3 {Very natural move. But was it the best?} ( {It seems as} 20.Nc6 $1 {was giving more chances. After} 20...Qd7 21.Qf3 {Is a key move in White's attack. Then} 21...Bxc4 ( 21...Bxd4 {might transpose after} 22.Rad1 Bxc4 23.Nxc4 Rxe1+ 24.Rxe1 ) ( {If} 21...N4d5 22.Nxa7 Rxa7 23.Nb3 {is serious advantage for White.} ) ( {The other knight retreat also looks great for White-} 21...Ng6 22.Bxe6 fxe6 ( 22...Rxe6 $2 23.Ne7+ {drops the rook on a8.} ) 23.Qc3 ) 22.Nxc4 Bxd4 23.Rad1 Rxe1+ 24.Rxe1 {leads to a position where besides the loose pieces, the black rook does not have a move! The only chance is} 24...Bxf2+ ( 24...N4d5 {is impossible due to} 25.Nxd4 ) 25.Qxf2 Nxh3+ 26.gxh3 Qxc6 {with three pawns for the piece, but Black still needs to prove the draw.} ) 20...Bxc4 21.Qxc4 Qd5 $1 {Jakovenko is known for his defensive skills. This move is once again best. The endgame is unpleasant, but is Black's best try.} 22.Qxd5 ( 22.Qxc7 $2 Bxd4 {lets the black pieces out.} ) 22...N6xd5 23.Nc6 {As before the wite pieces are more active but they are getting less and less.} ( {Or the immediate} 23.g3 {with the idea} 23...Nxh3+ ( 23...Ne6 24.Nc6 ) ( {Black would have most likely reverted to the game with} 23...Ng6 24.Nc6 ) 24.Kg2 Ng5 25.Nxg5 hxg5 26.Nc6 ) 23...Rxe1+ 24.Rxe1 a5 $1 {Another only move. The idea is to secure the b6 square for the bishop, thus to allow the rook to come out.} ( 24...Bb6 $2 {would be strongly met with} 25.a5 ) 25.g3 ( 25.Nxa5 $2 {fails to} 25...Bxd4 ) 25...Ng6 ( {Much worse was} 25...Nxh3+ $2 26.Kg2 Ng5 27.Nxg5 hxg5 28.Re5 {when White should be winning.} ) 26.Nxa7 Rxa7 27.Re8+ Kh7 28.h4 Rb7 29.Nd2 {Now the position completely dries.} ( {The last slim chance to play for the win was} 29.Bc5 {Although here too Black should survive either with} 29...Rb3 ( {Or} 29...Nb6 30.Bxb6 cxb6 31.h5 Ne7 ) 30.Nd2 Rb2 31.Nc4 Ra2 32.h5 Nh8 {The knight is eagly but the pawn are few...} 33.Nxa5 Rxa4 34.Nc6 Nf6 35.Re7 Nxh5 36.Rxc7 Nf6 ) 29...Nc3 30.h5 ( {Or} 30.Nc4 Nxa4 31.Nxa5 ) 30...Nh8 31.Nc4 Nxa4 32.Ne5 ( 32.Nxa5 {is a draw again.} ) 32...Nb6 33.Bc5 a4 {I was not watching the game live and do not know what happened here. Perhaps White lost on time? Or was his resignation a result of frustration? Or something else? Our man there will clarify, thanks MIke!} ( 33...a4 {It should be a draw after the forcing:} 34.Nc6 Nd7 35.Ra8 Nxc5 36.dxc5 Rb5 37.Ne5 Rxc5 38.Nd7 Rxh5 39.Nf8+ ) 34.d5 {[A note that the game did not end, but we hardly blame our annotator -- the transmission blockages and in this case errors have become well known in Agon-run events.]} 34...f6 35.Nc6 Nd7 36.Bd4 Rb5 37.Nd8 $2 Rb8 {The pin is deadly. MVL flails about trying for something, but there's nothing -- M.K.} 38.Bb2 Rxb2 39.Ne6 a3 40.Re7 Nf7 41.Rxf7 a2 42.Rxg7+ Kh8 43.Rxd7 a1=Q+ 44.Kg2 Qe1 {There is no perpetual since the Black king can slither via the light squares to safety, so it's time to call it a day.} 0-1

[Event "Chess Classic"]
[Site "London"]
[Date "2017.12.01"]
[Round "1.4"]
[White "Nakamura, Hikaru"]
[Black "Anand, Viswanathan"]
[Result "1/2-1/2"]
[WhiteElo "2781"]
[BlackElo "2782"]
[EventDate "2017.??.??"]
[Annotator "Bojkov,Dejan"]
[PlyCount "87"]
[Beauty "5915264696895"]
[EventType "team-tourn"]
[EventCountry "CAN"]

1.Nf3 Nf6 2.g3 d5 3.Bg2 c5 4.O-O g6 5.d4 ( {Aronian reached the Fianchettoe Gruenfeld in a slightly unusual way:} 5.c3 Bg7 6.d4 cxd4 7.cxd4 O-O 8.Nc3 Ne4 {Aronian,L (2799)-Anand,V (2783) Saint Louis 2017} ) 5...cxd4 6.Nxd4 Bg7 7.Nb3 Nc6 8.Nc3 e6 9.e4 d4 10.Na4 O-O 11.c3 dxc3 12.Nxc3 e5 $146 {This logical move is a novelty. Anand opens his light-squared bishop at once.} ( {Instead,} 12...Qe7 13.Be3 Rd8 14.Qe2 Nd7 15.Rfd1 b6 {could have brought Black troubles had his opponent have dared to play} 16.e5 ( {Instead} 16.Nd4 Nxd4 17.Bxd4 Bxd4 18.Rxd4 Bb7 {allowed Black a chance to slowly equalize, Gasthofer,A (2440)-Golod,V (2554) Zuerich 2004} ) ) 13.Be3 {The position is symmetrical but as White moves first he can claim a slight advantage.} ( {Somewhat trickier is to provoke h7-h6 first with} 13.Bg5 h6 ( {The endgame after} 13...Qxd1 14.Rfxd1 h6 15.Be3 b6 16.Rac1 {is unpleasant for White.} ) 14.Be3 Bg4 {So that} 15.Qc1 {comes now with a tempo.} ) ( 13.Nd5 {leads doesn't get White anyhere after} 13...Nxd5 14.exd5 Nd4 ) 13...Bg4 14.f3 Be6 15.Nc5 {Nakamura uses the tempo to gain the bishop pair.} ( {After} 15.Qe2 b6 {Black covers the vital c5 point.} ) 15...Qe7 16.Nxe6 Qxe6 17.Qd2 ( {The computer's suggestion is:} 17.Rf2 Rfd8 18.Qf1 {when the bishop can go to h3.} ) 17...Rfd8 18.Qf2 {White's position looks promising. He intends h2-h4 followed by f3-f4. If this happens, he would slowly but surely open the diagonals for his bishops and crush the opponent.} 18...Bf8 $1 {A strong maneuver by the former world champion! The bishop move discourages the f-pawn advance and creates play on the queenside.} ( {After} 18...Nd4 19.h3 {White would proceed with the above-mentioned plan.} ) 19.h3 Bb4 20.Rac1 ( {Bad was} 20.f4 exf4 21.gxf4 Bxc3 22.bxc3 Nxe4 ) 20...Rd3 {The counterplay that Anand initiated keeps the white pieces away. Nakamura needs to trade at least one of the active black rooks.} 21.Rfd1 Rad8 22.Rxd3 Rxd3 23.Bf1 Rd8 24.a3 Be7 ( 24...Bxc3 {gives the second bishop prematurely} 25.Rxc3 Nd4 26.Kg2 {and White can be optimistic about the future.} ) 25.g4 {Aggressive, but probably not best.} ( {Once again} 25.f4 {is premature due to} 25...exf4 26.Qxf4 Bd6 ) ( {If White prepares the advance with} 25.Bg2 {then the rook comes back} 25...Rd3 26.f4 exf4 27.gxf4 $5 {and} 27...Bd8 {Creates the threat Rd3xe3 followed by Bd8-b6.} ) ( {Please note that the greedy} 25.Bxa7 $2 Nxa7 26.Qxa7 Rd2 {would lead to a huge attack for Black on the weakened dark squares. Here is a curious line:} 27.Rb1 Qc8 28.Kh1 Bc5 29.Qa4 Nh5 30.Ne2 Rxe2 31.Bxe2 Qxh3# ) ( {From the above-mentioned lines it becomes clear that the prophylactical move} 25.Kh2 $5 {might have been White's best. He keeps his options opened, for example} 25...Kg7 26.Nb5 $5 a6 27.Bc4 Qd7 28.Nc3 {with an edge.} ) 25...Kg7 26.Kh2 h6 $1 {Another excellent defensive move.} 27.h4 ( 27.Nb5 Nh7 28.h4 Qd7 {followed by Nh7-f8-e6 and then one of the black knights will land on d4.} ) ( {Once more} 27.Bxa7 $2 {is bad due to} 27...Nxa7 28.Qxa7 Rd2+ ) 27...Nd4 {The knight is great in the center and creates various threats.} 28.g5 {Nakamura forces matters.} ( {One idea behind the centralized knight is demonstrated by the line:} 28.Rd1 Nxf3+ 29.Qxf3 Nxg4+ 30.Kg3 Nxe3 31.Qxe3 Rxd1 32.Nxd1 Qf6 {when Black will win third pawn for the piece.} ) 28...hxg5 29.hxg5 Nh7 30.Bh3 Qb3 31.f4 {But after the cool:} 31...Nc6 {it transpires that White had only weakened himself.} 32.Nd5 ( 32.f5 $2 Bxg5 ) 32...exf4 33.Bxf4 Bxg5 ( {The other capture was good as well:} 33...Nxg5 {Then the forcing line} 34.Rc3 Qb5 35.Bf1 {seems winning for White but there is} ( 35.Nxe7 Nxe7 ) 35...Qa4 36.Nxe7 Rh8+ $1 {A super-important intermediate check and the white king does not have a good square.} 37.Kg1 ( 37.Kg3 $4 Nxe4+ ) ( 37.Kg2 $2 Qxe4+ ) 37...Qxe4 38.Bg2 Qxe7 {Winning a second pawn. Whether it's it a win after} 39.Qe3 {is another story.} ) 34.Bxg5 Nxg5 35.Qf6+ Kh6 {The king is in danger, but how to reach it?} 36.Bg2 ( {There was a beautiful draw instead after} 36.Rc3 Qxb2+ 37.Bg2 Ne5 38.Rh3+ Nxh3 39.Qh4+ Kg7 40.Qf6+ Kh7 41.Qh4+ Kg8 42.Qxd8+ ) 36...Nh7 37.Qxf7 Rf8 {A solid choice.} ( {It seems as Black will get checkmated after} 37...Qxb2 38.Rh1 Rf8 39.Kg3+ {But after the only move} 39...Kg5 {There is neither mate, nor salvation. Say:} 40.Qxh7 $2 Qe5+ 41.Kh3 Rh8 ) 38.Qc7 ( {Once again there was a draw after} 38.Rc3 $5 Qxc3 39.Qxf8+ Nxf8 40.Nxc3 ) 38...Qxb2 39.Rh1 {This was Nakamura's idea, but} 39...Qf2 {Keeps the king immobile. Thus the checkmate with the rook is not going to happen today.} 40.Kh3 {Another try.} 40...Rf7 {The king is finally safe!} 41.Qg3 Qb2 {Surprisingly this leads to a draw.} ( {Also draw there will be after} 41...Ng5+ 42.Kg4+ Kg7 43.Qh2 $1 Qe2+ 44.Kxg5 Qd2+ 45.Kg4 Qe2+ ) ( {However Anand could have played on in an endgame up a pawn after both} 41...Qxg3+ 42.Kxg3+ Kg5 ) ( {Or} 41...Kg7 42.Qxf2 Rxf2 43.Rb1 Rf7 ) 42.Ne3 $1 {Excellent co-ordination!} 42...Nf6 43.Bf3 Kh7 ( {Or} 43...Ne5 44.Rh2 ( {Moves can be transposed} 44.Nf5+ gxf5 45.Rh2 ) 44...Qa1 45.Nf5+ {with a draw after} 45...Kh7 ( 45...gxf5 $4 {is mate after} 46.Kg2+ Nh5 47.Rxh5# ) 46.Kg2+ Kg8 47.Nh6+ Kg7 48.Nxf7 Qa2+ 49.Kh3 Qe6+ ) 44.Nf5 {They agreed to draw. The lines are similar to the line from above:} ( 44.Nf5 Ne5 ( 44...gxf5 45.Rh2 Qxh2+ 46.Kxh2 fxe4 ) 45.Rh2 Qa1 46.Kg2+ Kg8 47.Nh6+ Kg7 48.Nxf7 ) 1/2-1/2